000 00826nam a22003017a 4500
001 0074
003 DO-SdBNP
005 20170915103843.0
007 0074
008 151117b 1984 sp | 00| 0 spa d
020 _a8426705383
040 _aBPMSU
_bspa
_cBPMSU
041 1 7 _aspa
_h
082 4 _a500
_bW637c
100 1 0 _4Wicks, Keith
240 1 0 _aScience can be fun
_lEspañol
245 1 0 _aCiencia recreativa /
_cKeith Wicks ; traducción Juan Godo Costa
260 _aBarcelona :
_bMarcombo,
_c1984.
300 _a32 p. :
_bil.,
_c30 cm.
490 1 _aBiblioteca técnica juvenil
650 4 _aCIENCIA
700 1 0 _aGodo Costa, Juan,
_etr.
830 0 0 _aBiblioteca técnica juvenil
910 _aValidado. Control de calidad MFF
942 _2ddc
_cBK
945 _aInventariado / 2017 VM
956 _aBrenda Tavárez
999 _c8756
_d8756